00552 2200205 4500001002100000005001500021035002000036008004100056245006900097100001900166260003100185300001300216020002200229084001600251082000800267650001300275990001800288990002000306990002000326INLIS00000000000039120240813103608 a0010-0724000391240813 0 ind 1 aPanduan Berinternet Sehat Dan Aman Untuk Remaja /cLouie Stowell aStowell, Louie aJakarta :bErlangga,c2016 a152 hlm. a978-602-6847-83-6 a004 LOU p.3 a004 4aKomputer aP29/CP/24/391 aP29/CP/24/391.1 aP29/CP/24/391.2